Das jüdische Eherecht
| Main Author: | |
|---|---|
| Format: | Print Article |
| Language: | German |
| Check availability: | HBZ Gateway |
| Interlibrary Loan: | Interlibrary Loan for the Fachinformationsdienste (Specialized Information Services in Germany) |
| Published: |
2007
|
| In: |
De processibus matrimonialibus
Year: 2006, Volume: 13, Pages: 37-55 |
| Standardized Subjects / Keyword chains: | B
Marriage law
/ Judaism
|
| IxTheo Classification: | BH Judaism SB Catholic Church law XA Law |
| Further subjects: | B
Marital consent
B Mixed marriage B Engagement B Marriage law B Ehetheologie B Judaism B Civil marriage B Jüdisches Eherecht B Impediment to marriage B Ehevollzug B Marriage bond |
MARC
| LEADER | 00000caa a22000002c 4500 | ||
|---|---|---|---|
| 001 | 1645576345 | ||
| 003 | DE-627 | ||
| 005 | 20230620204309.0 | ||
| 007 | tu | ||
| 008 | 160405s2007 xx ||||| 00| ||ger c | ||
| 035 | |a (DE-627)1645576345 | ||
| 035 | |a (DE-576)466503377 | ||
| 035 | |a (DE-599)BSZ466503377 | ||
| 040 | |a DE-627 |b ger |c DE-627 |e rakwb | ||
| 041 | |a ger | ||
| 084 | |a 1 |2 ssgn | ||
| 100 | 1 | |0 (DE-588)118006533 |0 (DE-627)079187390 |0 (DE-576)166160393 |4 aut |a Homolka, Walter |d 1964- | |
| 109 | |a Homolka, Walter 1964- |a Homolka, Walter Karl 1964- |a Homolka, Walter K. 1964- |a Chomolka, Val'ter 1964- |a Khomolka, Val'ter 1964- | ||
| 245 | 1 | 4 | |a Das jüdische Eherecht |
| 264 | 1 | |c 2007 | |
| 336 | |a Text |b txt |2 rdacontent | ||
| 337 | |a ohne Hilfsmittel zu benutzen |b n |2 rdamedia | ||
| 338 | |a Band |b nc |2 rdacarrier | ||
| 650 | 0 | 7 | |0 (DE-588)4013652-8 |0 (DE-627)106342495 |0 (DE-576)208904948 |a Eherecht |2 gnd |
| 650 | 0 | 7 | |0 (DE-588)4114087-4 |0 (DE-627)104603151 |0 (DE-576)20948182X |a Judentum |2 gnd |
| 650 | 0 | 7 | |0 (DE-588)4013652-8 |0 (DE-627)106342495 |0 (DE-576)208904948 |a Eherecht |2 gnd |
| 650 | 0 | 7 | |0 (DE-588)4114087-4 |0 (DE-627)104603151 |0 (DE-576)20948182X |a Judentum |2 gnd |
| 650 | 0 | 7 | |0 (DE-588)4226195-8 |0 (DE-627)104973404 |0 (DE-576)210312076 |a Ehebund |2 gnd |
| 650 | 0 | 7 | |0 (DE-588)4151105-0 |0 (DE-627)105548286 |0 (DE-576)209785489 |a Ehehindernis |2 gnd |
| 650 | 0 | 7 | |0 (DE-588)4125565-3 |0 (DE-627)105739243 |0 (DE-576)209577622 |a Mischehe |2 gnd |
| 650 | 0 | 7 | |0 (DE-588)4063029-8 |0 (DE-627)106129376 |0 (DE-576)209147016 |a Verlöbnis |2 gnd |
| 650 | 0 | 7 | |0 (DE-588)4190987-2 |0 (DE-627)104339039 |0 (DE-576)210070471 |a Zivilehe |2 gnd |
| 650 | 0 | 7 | |0 (DE-588)4332080-6 |0 (DE-627)148046657 |0 (DE-576)211327220 |a Ehekonsens |2 gnd |
| 650 | 4 | |a Jüdisches Eherecht | |
| 650 | 4 | |a Ehetheologie |7 (dpeaa)DE-Tue135-3 | |
| 650 | 4 | |a Ehevollzug |7 (dpeaa)DE-Tue135-3 | |
| 652 | |a BH:SB:XA | ||
| 689 | 0 | 0 | |d s |0 (DE-588)4013652-8 |0 (DE-627)106342495 |0 (DE-576)208904948 |2 gnd |a Eherecht |
| 689 | 0 | 1 | |d s |0 (DE-588)4114087-4 |0 (DE-627)104603151 |0 (DE-576)20948182X |2 gnd |a Judentum |
| 689 | 0 | |5 (DE-627) | |
| 773 | 0 | 8 | |i In |t De processibus matrimonialibus |d Norderstedt : PubliQation, 1995 |g 13(2006), Seite 37-55 |w (DE-627)186441363 |w (DE-600)1234520-9 |w (DE-576)046711546 |x 0948-0471 |7 nnas |
| 773 | 1 | 8 | |g volume:13 |g year:2006 |g pages:37-55 |
| 889 | |w (DE-576)519599527 | ||
| 889 | |w (DE-627)1650486367 | ||
| 935 | |a mteo |a KALD |a DAKR | ||
| 951 | |a AR | ||
| CAN | |a 1 | ||
| ELC | |b 1 | ||
| ITA | |a 1 |t 1 | ||
| LOK | |0 000 xxxxxcx a22 zn 4500 | ||
| LOK | |0 001 3314808135 | ||
| LOK | |0 003 DE-627 | ||
| LOK | |0 004 1645576345 | ||
| LOK | |0 005 20160405144317 | ||
| LOK | |0 008 160404||||||||||||||||ger||||||| | ||
| LOK | |0 040 |a DE-Tue135 |c DE-627 |d DE-Tue135 | ||
| LOK | |0 092 |o n | ||
| LOK | |0 852 |a DE-Tue135 | ||
| LOK | |0 852 1 |9 00 | ||
| LOK | |0 935 |a ixzs |a ixmi | ||
| LOK | |0 936ln |0 1442043520 |a BH | ||
| LOK | |0 939 |a 04-04-16 |b l01 | ||
| LOK | |0 000 xxxxxcx a22 zn 4500 | ||
| LOK | |0 001 3337067190 | ||
| LOK | |0 003 DE-627 | ||
| LOK | |0 004 1645576345 | ||
| LOK | |0 005 20230620204309 | ||
| LOK | |0 008 190311||||||||||||||||ger||||||| | ||
| LOK | |0 035 |a (DE-Tue135-1)187494 | ||
| LOK | |0 040 |a DE-Tue135-1 |c DE-627 |d DE-Tue135-1 | ||
| LOK | |0 852 |a DE-Tue135-1 | ||
| LOK | |0 852 1 |c FTHKR097725/13/HAW |m p |9 00 | ||
| LOK | |0 852 2 |b FTH Z5-132 |9 00 | ||
| LOK | |0 935 |a iZSA | ||
| LOK | |0 936ln |0 1442043520 |a BH | ||
| LOK | |0 936ln |0 1442053798 |a XA | ||
| LOK | |0 938 |k p | ||
| LOK | |0 939 |a 11-03-19 |b l01 | ||
| LOK | |0 000 xxxxxcx a22 zn 4500 | ||
| LOK | |0 001 395572431X | ||
| LOK | |0 003 DE-627 | ||
| LOK | |0 004 1645576345 | ||
| LOK | |0 005 20230620204309 | ||
| LOK | |0 008 210719||||||||||||||||ger||||||| | ||
| LOK | |0 035 |a (DE-Tue135-3)DAKAR1_31577 | ||
| LOK | |0 035 |a (DE-Tue135-3)DAKAR1_51355 | ||
| LOK | |0 040 |a DE-Tue135-3 |c DE-627 |d DE-Tue135-3 | ||
| LOK | |0 092 |o n | ||
| LOK | |0 852 |a DE-Tue135-3 | ||
| LOK | |0 852 1 |c MS KR-R-50,13 |9 00 | ||
| LOK | |0 935 |a msmi | ||
| LOK | |0 936ln |0 1442053313 |a SB | ||
| LOK | |0 939 |a 19-07-21 |b l01 | ||
| ORI | |a SA-MARC-ixtheoa001.raw | ||
| REL | |a 1 | ||
| STA | 0 | 0 | |a Civil marriage,Engagement,Betrothal,Promise of marriage,Marriage,Impediment to marriage,Marriage impediment,Judaism,Judaism,Judaism in literature,Marital consent,Marital intention,Marriage bond,Bond of marriage,Foedus matrimoniale,Matrimonial bond,Marriage covenant,Marriage law,Marriage,Mixed marriage,Confessionally mixed marriage,Intermarriage |
| STB | 0 | 0 | |a Consentement matrimonial,Droit matrimonial,Empêchement au mariage,Fiançailles,Judaïsme,Judaïsme,Lien matrimonial,Mariage civil,Mariage mixte,Mariage mixte |
| STC | 0 | 0 | |a Alianza conyugal,Consenso matrimonial,Derecho matrimonial,Impedimento matrimonial,Judaísmo,Judaísmo,Matrimonio civil,Matrimonio misto,Noviazgo |
| STD | 0 | 0 | |a Consenso matrimoniale,Diritto matrimoniale,Ebraismo,Ebraismo,Fidanzamento,Impedimento matrimoniale,Matrimonio civile,Matrimonio misto,Vincolo matrimoniale |
| STE | 0 | 0 | |a 公证婚姻,世俗婚姻,非宗教式婚姻,婚姻上的同意,婚姻法,婚姻盟约,婚盟,婚姻阻碍,结婚阻碍,结婚障碍,异族通婚,犹太教,犹太教,订婚 |
| STF | 0 | 0 | |a 公證婚姻,世俗婚姻,非宗教式婚姻,婚姻上的同意,婚姻法,婚姻盟約,婚盟,婚姻阻礙,結婚阻礙,結婚障礙,猶太教,猶太教,異族通婚,訂婚 |
| STG | 0 | 0 | |a Aliança conjugal,Casamento civil,Consenso matrimonial,Direito matrimonial,Impedimento matrimonial,Judaísmo,Judaísmo,Matrimônio misto,Noivado |
| STH | 0 | 0 | |a Брачное право,Брачный союз,Гражданский брак,Иудаизм (мотив),Иудаизм,Помолвка,Препятствие вступлению в брак,Разрешение на бракосочетание (каноническое право),Смешаный брак |
| STI | 0 | 0 | |a Αρραβώνας,Δίκαιο του γάμου,Δίκαιο γαμικών σχέσεων,Δεσμά του γάμου,Επιγαμία,Ιουδαϊσμός (μοτίβο),Ιουδαϊσμός,Κώλυμα γάμου,Πολιτικός γάμος,Συναίνεση σε γάμο |
| SUB | |a CAN |a REL | ||
| SYE | 0 | 0 | |a Ehe , Judaism,Judaismus,Jüdische Religion,Zionism,Zionismus,Jüdische Religion,Judaismus,Jüdische Religion,Judaismus , Ehe , Judaism,Judaismus,Jüdische Religion,Zionism,Zionismus,Jüdische Religion,Judaismus,Jüdische Religion,Judaismus , Foedus matrimoniale , Gemischte Ehe,Interkonfessionelle Ehe,Konfessionsverschiedene Ehe,Religionsverschiedene Ehe,Mischehen , Eheverlöbnis,Eheversprechen,Verlobung , Ehe,Consensus matrimonii,Ehewille |
| SYG | 0 | 0 | |a Ehe , Judaism,Judaismus,Jüdische Religion,Zionism,Zionismus,Jüdische Religion,Judaismus,Jüdische Religion,Judaismus |